[One Piece] Mort subite - Hard - Statistiques

Statistiques générales
  • Ce quiz a été pris 1 310 fois
  • Le résultat moyen est 2 sur 16
Answers on the Grid
Answers color-coded by a green-red scale on the quiz's grid according to % correct below.
Ahho Zurako
Akehende
Bentham
Cornello
Goro
Gotanda Taishi
Hibana
Igris
Kaicho Pinky
Kikipatsu
Kingdew
Kyogai
Nam
Nazu Ketagari
Negikuma Maria
Nezu
Novu
Nozdon
Nuguire Yainu
Pisaro
Pochi
Ralf
Ranka
Saori
Satotsu
Spector
Tweetums
Upa
Utakata
Yonka Two
 
Statistiques - réponses
Réponse % Correct
Bentham
55%
Pisaro
49%
Goro
20%
Pochi
15%
Yonka Two
15%
Kingdew
13%
Negikuma Maria
13%
Kikipatsu
9%
Ahho Zurako
6%
Kaicho Pinky
6%
Tweetums
6%
Nazu Ketagari
5%
Nozdon
5%
Nuguire Yainu
5%
Akehende
4%
Spector
4%
Aucun quiz correspondant
Distribution des résultats
% des personnes avec chaque résultat
Percentile par nombre de réponses
Votre historique - résultats
Vous n’avez pas pris ce quiz